000
00284nam a22001097a 4500
245
_a
The Qanun-e-Shahadat Order, (X of 1984):
_b
Book No,29 /
_c
Bare Act
260
_a
Karachi :
_b
Pakistan Law House,
_c
N.A.
300
_a
74 p.
563
_a
PB.
650
_a
Law
_9
35302
942
_2
ddc
_c
BK
999
_c
613450
_d
613450